Dal reclamo all appello le impugnazioni nei procedimenti per separazione e divorzio /

Bibliographic Details
Main Author: Cecchella, Claudio
Corporate Author: Universit ̀di Pisa
Format: Unknown
Language:Italian
Published: Italia : Edizioni Plus : Universit ̀di Pisa, 2008
Subjects:
Online Access:Acceso restringido

MARC

LEADER 00000ny a22000003n 4500
005 2011062109119.0
008 091215s2008 it 000 0 ita d
020 |a 9788884925657 
035 |a 4759 
040 |a BUS  |d vLex 
090 |c 946  |d 946 
100 1 |a Cecchella, Claudio  
245 1 0 |a Dal reclamo all appello  |h [Recurso electrn̤ico]  |b  le impugnazioni nei procedimenti per separazione e divorzio /  |c Claudio Cecchella  
256 |a Servicio en ln̕ea 
260 |a Italia :  |b Edizioni Plus :  |b Universit ̀di Pisa,  |c 2008 
300 |a p. ;  |c cm 
506 1 |a Contenido solo disponible en los productos indicados  |d vLex Global  |d vLex Global (Academic Edition, excluding Law Schools)  |d vLex Global (U.S. Academic Edition, Law Schools)  |d vLex Global (U.S. Academic Edition, excluding Law Schools)  |d vLex Global (Academic Edition, Law Schools) 
650 0 4 |a Divorcio  |x Derecho  |z Italia 
650 0 4 |a Medios de impugnacin̤ 
650 0 4 |a Procedimiento (Derecho) 
710 2 |a Universit ̀di Pisa 
740 0 |a vLex Libros (Servicios en ln̕ea) 
856 4 0 |u http://vlex.com/source/4759  |z Acceso restringido 
942 |c BOOK